000 00587nam a2200193Ia 4500
005 20250507130141.0
008 008 250505s9999 xx 000 0 eng d
037 _aDIS
040 _aEASL
_beng
_cEASL
041 _aeng
_2eng
084 _a0000098, GUL
_qEASL
100 _aGulati Rachna
_9645061
245 0 _aTerehavi shatabadi mein cheen ka parosi deshaun se vyapaar V.C. Bhutani
260 _aIndia
_bDelhi University. Social Sciences. Chinese & Japanese
_c1998
300 _a65p.
650 _aDiss
942 _cDIS
_h0000098, GUL
999 _c1317989
_d1317989